[Event "RUS-ch Men Rapid 2019"]
[Site "Sochi"]
[Date "2019.10.15"]
[Round "3.6"]
[White "Lysyj, Igor"]
[Black "Kabanov, Nikolai"]
[Result "1-0"]
[WhiteElo "2588"]
[BlackElo "2455"]
[Annotator "ChessBase"]
[PlyCount "131"]
[EventDate "2019.10.15"]
[EventType "swiss"]
[EventCountry "RUS"]
[SourceTitle "playchess.com"]
[Source "ChessBase"]
[SourceQuality "1"]
[TimeControl "900+10"]

1. d4 {[%emt 0:00:00]} d5 {[%emt 0:00:00]} 2. Nf3 {[%emt 0:00:00]} Nf6 {[%emt 0:00:00]} 3. c4 {[%emt 0:00:01]} e6 {[%emt 0:00:00]} 4. g3 {[%emt 0:00:02]} Be7 {[%emt 0:00:00]} 5. Bg2 {[%emt 0:00:15]} O-O {[%emt 0:00:01]} 6. Qb3 {[%emt 0:00:01]} Nc6 {[%emt 0:01:23]} 7. Nbd2 {[%emt 0:00:10]} b6 {[%emt 0:01:27]} 8. cxd5 {[%emt 0:00:10]} exd5 {[%emt 0:00:06]} 9. O-O {[%emt 0:00:10]} Bf5 {[%emt 0:00:45]} 10. a3 {[%emt 0:00:56]} Na5 {[%emt 0:00:32]} 11. Qd1 {[%emt 0:00:18]} c5 {[%emt 0:00:13]} 12. Ne5 {[%emt 0:03:12]} Rc8 {[%emt 0:00:42]} 13. dxc5 {[%emt 0:01:11]} Bxc5 {[%emt 0:00:46]} 14. Ndf3 {[%emt 0:00:24]} Bc2 {[%emt 0:00:17]} 15. Qe1 {[%emt 0:00:51]} Nb3 {[%emt 0:00:06]} 16. Bg5 {[%emt 0:00:08]} Nxa1 {[%emt 0:00:17]} 17. Qxa1 {[%emt 0:00:03]} Be7 {[%emt 0:01:40]} 18. Nd4 {[%emt 0:00:27]} h6 {[%emt 0:00:22]} 19. Bh3 {[%emt 0:02:06]} Rc7 {[%emt 0:04:18]} 20. Bf4 {[%emt 0:00:17]} Ba4 {[%emt 0:00:14]} 21. Ne6 {[%emt 0:05:05]} fxe6 {[%emt 0:00:16]} 22. Bxe6+ {[%emt 0:00:01]} Kh7 {[%emt 0:00:23]} 23. Bf5+ {[%emt 0:00:02]} Kh8 {[%emt 0:01:21]} 24. Ng6+ {[%emt 0:00:09]} Kg8 {[%emt 0:00:01]} 25. Bxc7 {[%emt 0:00:36]} Qxc7 {[%emt 0:00:03]} 26. Be6+ {[%emt 0:00:33]} Rf7 {[%emt 0:00:32]} 27. Rc1 {[%emt 0:00:02]} Qd6 {[%emt 0:00:08]} 28. Rc8+ {[%emt 0:00:14]} Be8 {[%emt 0:00:16]} 29. Bxf7+ {[%emt 0:00:25]} Kxf7 {[%emt 0:00:03]} 30. Qb1 {[%emt 0:00:19]} Ne4 {[%emt 0:01:25]} 31. Nxe7 {[%emt 0:00:06]} Qxe7 {[%emt 0:00:07]} 32. Qd3 {[%emt 0:00:11]} Bd7 {[%emt 0:00:35]} 33. Qxd5+ {[%emt 0:00:23]} Be6 {[%emt 0:01:33]} 34. Qh5+ {[%emt 0:00:02]} g6 {[%emt 0:00:01]} 35. Qf3+ {[%emt 0:00:03]} Nf6 {[%emt 0:00:02]} 36. Rc1 {[%emt 0:01:21]} Bd5 {[%emt 0:00:26]} 37. Qd3 {[%emt 0:00:15]} h5 {[%emt 0:00:26]} 38. f3 {[%emt 0:00:09]} Qe5 {[%emt 0:00:05]} 39. e4 {[%emt 0:00:12]} Be6 {[%emt 0:00:04]} 40. Qc3 {[%emt 0:00:08]} Qg5 {[%emt 0:00:03]} 41. Qc7+ {[%emt 0:00:09]} Nd7 {[%emt 0:00:02]} 42. Qf4+ {[%emt 0:00:07]} Qxf4 {[%emt 0:00:02]} 43. gxf4 {[%emt 0:00:01]} Nc5 {[%emt 0:00:21]} 44. b4 {[%emt 0:00:08]} Nd3 {[%emt 0:00:02]} 45. Rc7+ {[%emt 0:00:02]} Kf6 {[%emt 0:00:01]} 46. Rxa7 {[%emt 0:00:02]} Nxf4 {[%emt 0:00:03]} 47. Rb7 {[%emt 0:00:11]} Ke5 {[%emt 0:00:25]} 48. Rxb6 {[%emt 0:00:04]} Kd4 {[%emt 0:00:01]} 49. Kf2 {[%emt 0:00:09]} g5 {[%emt 0:00:05]} 50. Rd6+ {[%emt 0:00:09]} Ke5 {[%emt 0:00:05]} 51. Rd8 {[%emt 0:00:03]} Bc4 {[%emt 0:00:26]} 52. Ke3 {[%emt 0:00:14]} Ng2+ {[%emt 0:00:02]} 53. Kf2 {[%emt 0:00:01]} Nf4 {[%emt 0:00:02]} 54. Rd7 {[%emt 0:00:45]} Bb5 {[%emt 0:00:11]} 55. Rb7 {[%emt 0:00:12]} Ba6 {[%emt 0:00:17]} 56. Ra7 {[%emt 0:00:14]} Bc4 {[%emt 0:00:03]} 57. Rc7 {[%emt 0:00:14]} Kd4 {[%emt 0:00:09]} 58. Rd7+ {[%emt 0:00:13]} Kc3 {[%emt 0:00:13]} 59. Rg7 {[%emt 0:00:24]} Ne6 {[%emt 0:00:12]} 60. Rh7 {[%emt 0:00:07]} h4 {[%emt 0:00:00]} 61. Ke3 {[%emt 0:00:12]} Kb3 {[%emt 0:00:01]} 62. Ra7 {[%emt 0:00:04]} Nf4 {[%emt 0:00:34]} 63. Ra5 {[%emt 0:00:01]} Ng2+ {[%emt 0:00:44]} 64. Kf2 {[%emt 0:00:02]} Nf4 {[%emt 0:00:01]} 65. Ke3 {[%emt 0:00:03]} Ng2+ {[%emt 0:00:01]} 66. Kd2 {[%emt 0:00:10]} 1-0

[Event "RUS-ch Men Rapid 2019"]
[Site "Sochi"]
[Date "2019.10.15"]
[Round "3.7"]
[White "Oganian, Miran"]
[Black "Nozdrachev, Vladislav"]
[Result "1-0"]
[WhiteElo "2436"]
[BlackElo "2560"]
[Annotator "ChessBase"]
[PlyCount "107"]
[EventDate "2019.10.15"]
[EventType "swiss"]
[EventCountry "RUS"]
[SourceTitle "playchess.com"]
[Source "ChessBase"]
[SourceQuality "1"]
[TimeControl "900+10"]

1. d4 {[%emt 0:00:04]} Nf6 {[%emt 0:00:00]} 2. c4 {[%emt 0:00:03]} e6 {[%emt 0:00:00]} 3. g3 {[%emt 0:00:02]} d5 {[%emt 0:00:01]} 4. Nf3 {[%emt 0:00:02]} Be7 {[%emt 0:00:03]} 5. Bg2 {[%emt 0:00:03]} O-O {[%emt 0:00:02]} 6. O-O {[%emt 0:00:05]} dxc4 {[%emt 0:00:03]} 7. Ne5 {[%emt 0:01:04]} Nc6 {[%emt 0:00:04]} 8. Bxc6 {[%emt 0:00:56]} bxc6 {[%emt 0:00:02]} 9. Nxc6 {[%emt 0:00:03]} Qe8 {[%emt 0:00:01]} 10. Nxe7+ {[%emt 0:00:03]} Qxe7 {[%emt 0:00:01]} 11. Qc2 {[%emt 0:00:05]} c5 {[%emt 0:00:19]} 12. Qxc4 {[%emt 0:01:03]} cxd4 {[%emt 0:00:02]} 13. Qxd4 {[%emt 0:00:04]} e5 {[%emt 0:00:58]} 14. Qh4 {[%emt 0:01:10]} Qe6 {[%emt 0:00:08]} 15. Nc3 {[%emt 0:00:25]} Bb7 {[%emt 0:00:11]} 16. Rd1 {[%emt 0:02:26]} Rac8 {[%emt 0:00:59]} 17. Qb4 {[%emt 0:01:49]} Ba8 {[%emt 0:00:09]} 18. Bg5 {[%emt 0:01:53]} Rc4 {[%emt 0:00:20]} 19. Qd6 {[%emt 0:00:10]} Qh3 {[%emt 0:00:39]} 20. f3 {[%emt 0:00:10]} Rc6 {[%emt 0:00:41]} 21. Qb4 {[%emt 0:01:55]} e4 {[%emt 0:01:57]} 22. Nxe4 {[%emt 0:00:15]} Rb6 {[%emt 0:02:23]} 23. Qc5 {[%emt 0:01:58]} Bxe4 {[%emt 0:00:32]} 24. Bxf6 {[%emt 0:00:35]} gxf6 {[%emt 0:00:14]} 25. fxe4 {[%emt 0:00:06]} Rxb2 {[%emt 0:00:01]} 26. Qe3 {[%emt 0:00:50]} Re8 {[%emt 0:00:02]} 27. Rd6 {[%emt 0:01:16]} Qg4 {[%emt 0:01:51]} 28. Rxf6 {[%emt 0:00:27]} Qxe4 {[%emt 0:01:19]} 29. Qg5+ {[%emt 0:00:08]} Kh8 {[%emt 0:00:01]} 30. Rxf7 {[%emt 0:00:29]} Qd4+ {[%emt 0:00:04]} 31. e3 {[%emt 0:00:12]} Qxe3+ {[%emt 0:01:53]} 32. Qxe3 {[%emt 0:00:01]} Rxe3 {[%emt 0:00:01]} 33. Rd1 {[%emt 0:00:14]} Re8 {[%emt 0:00:21]} 34. Rxa7 {[%emt 0:00:04]} Kg8 {[%emt 0:00:19]} 35. a3 {[%emt 0:00:24]} h5 {[%emt 0:00:10]} 36. Ra5 {[%emt 0:00:10]} h4 {[%emt 0:00:33]} 37. Rg5+ {[%emt 0:00:01]} Kf7 {[%emt 0:00:01]} 38. Rf1+ {[%emt 0:00:09]} Ke6 {[%emt 0:00:03]} 39. Re1+ {[%emt 0:00:23]} Kf6 {[%emt 0:00:04]} 40. Rxe8 {[%emt 0:00:03]} Kxg5 {[%emt 0:00:02]} 41. Rg8+ {[%emt 0:00:05]} Kf5 {[%emt 0:00:09]} 42. gxh4 {[%emt 0:00:14]} Kf4 {[%emt 0:00:28]} 43. Rg3 {[%emt 0:00:03]} Rc2 {[%emt 0:00:12]} 44. h5 {[%emt 0:00:15]} Rc5 {[%emt 0:00:02]} 45. h6 {[%emt 0:00:05]} Rh5 {[%emt 0:00:41]} 46. Rg6 {[%emt 0:00:01]} Kf3 {[%emt 0:00:38]} 47. Rf6+ {[%emt 0:00:02]} Kg4 {[%emt 0:00:01]} 48. Kg2 {[%emt 0:00:21]} Rb5 {[%emt 0:00:10]} 49. h7 Rb2+ {[%emt 0:00:03]} 50. Rf2 {[%emt 0:00:23]} Rb8 {[%emt 0:00:01]} 51. a4 {[%emt 0:00:15]} Ra8 {[%emt 0:00:17]} 52. a5 {[%emt 0:00:06]} Kh5 {[%emt 0:00:05]} 53. Rf3 {[%emt 0:00:26]} Kg6 {[%emt 0:00:04]} 54. Rh3 {[%emt 0:00:03]} 1-0

[Event "RUS-ch Men Rapid 2019"]
[Site "Sochi"]
[Date "2019.10.15"]
[Round "3.8"]
[White "Pridorozhni, Aleksei"]
[Black "Apryshko, Gleb"]
[Result "1-0"]
[WhiteElo "2554"]
[BlackElo "2382"]
[Annotator "TA"]
[PlyCount "77"]
[EventDate "2019.10.15"]
[EventType "swiss"]
[EventCountry "RUS"]
[SourceTitle "playchess.com"]
[Source "ChessBase"]
[SourceQuality "1"]

{[%evp 9,77,28,27,18,20,11,31,14,13,9,12,-6,-4,-8,-8,-8,-18,-17,-17,-18,40,40,40,40,40,40,59,59,59,59,59,59,59,57,57,50,157,151,151,157,152,154,154,164,157,139,220,166,393,391,327,197,193,192,408,396,370,400,377,366,483,377,633,624,596,591,1013,689,29977,29979]} 1. e4 g6 2. d4 d6 3. c4 e5 4. d5 (4. Nc3 Nc6 5. d5 Nd4 6. Nge2 Nxe2 7. Bxe2 Bh6 8. Bxh6 Nxh6 9. Qd2 Ng8 10. O-O Nf6 11. Qh6 Ng8 12. Qe3 Nf6 {1-0 (42) Caruana,F (2819)-Dubov,D (2700) Paris 2019}) 4... a5 5. Nc3 Na6 6. h4 {A41: 1 d4 d6: Tartakower System and Modern Defence} h5 7. Nf3 $146 ({Predecessor:} 7. Bd3 Nc5 8. Bc2 Bh6 9. Nge2 Bd7 10. Bxh6 Nxh6 11. Qd2 {0-1 (49) Kayonde,A (2393)-Kadric,D (2543) Batumi 2018}) 7... Bg4 8. Qa4+ {White is slightly better.} Bd7 9. Qc2 Bh6 10. Be2 Nc5 11. b3 Bxc1 12. Rxc1 f5 13. Ng5 Nf6 14. Bd3 {[%cal Re4f5]} O-O (14... f4 $11) 15. exf5 $14 Nxd3+ 16. Qxd3 Bxf5 17. Qd2 Nd7 18. O-O Nc5 19. Rcd1 Qf6 20. Qe3 Rae8 21. f3 Qe7 22. Rd2 e4 (22... b6 $14) 23. fxe4 $16 Bd7 24. Rdf2 Rxf2 25. Rxf2 Rf8 26. Rxf8+ Kxf8 27. Ne2 Kg7 (27... Bg4 $16 28. Nf4 Kg7) 28. Nd4 Qe5 $2 (28... Bg4 29. Ndf3 b6) 29. Ndf3 $18 Qe7 30. Qd4+ Kg8 31. e5 Bf5 $2 (31... dxe5 {might work better.} 32. Nxe5 Be8) 32. e6 Qg7 33. Qe3 {[#] Threatens to win with e7.} Kf8 34. Nd4 Bg4 35. Nb5 Ke7 $2 (35... Na6 36. Nf7 Qa1+ 37. Kh2 Qf6) 36. Nxc7 Qa1+ 37. Kh2 Bf5 38. Nb5 {And now Nxd6! would win.} Qb2 {[#]} 39. Nxd6 $1 {[%mdl 512] Accuracy: White = 68%, Black = 37%.} 1-0

[Event "RUS-ch Men Rapid 2019"]
[Site "Sochi"]
[Date "2019.10.15"]
[Round "3.9"]
[White "Ulybin, Mikhail"]
[Black "Morozevich, Alexander"]
[Result "1-0"]
[WhiteElo "2455"]
[BlackElo "2550"]
[Annotator "TA"]
[PlyCount "83"]
[EventDate "2019.10.15"]
[EventType "swiss"]
[EventCountry "RUS"]
[SourceTitle "playchess.com"]
[Source "ChessBase"]
[SourceQuality "1"]

{[%evp 21,92,34,53,51,61,52,43,48,56,58,58,58,58,54,64,63,83,70,97,116,114,91,99,80,120,111,91,74,213,216,196,203,192,194,258,264,283,295,282,285,238,202,197,192,192,196,203,178,179,180,202,208,224,233,348,286,354,370,609,606,672,546,1026,786,1368,1164,29939,9770,29984,29984,29991,29992,29996]} 1. d4 Nf6 2. c4 c5 3. d5 g6 4. Nc3 Bg7 5. e4 d6 6. Bd3 O-O 7. h3 e6 8. Nf3 exd5 9. cxd5 a6 10. a4 Nbd7 11. O-O Nh5 12. Bg5 {A70: Modern Benoni: 6 e4 g6 7 Nf3} Bf6 13. Bh6 Re8 14. Qd2 $146 {White is slightly better.} ({Predecessor:} 14. Re1 Rb8 {1-0 (48) Krishna,C (2444)-Akopian,V (2650) Abu Dhabi 2019}) 14... Rb8 15. Rfe1 Ne5 {Threatening ...Nxf3+.} 16. Be2 Nxf3+ 17. Bxf3 Ng7 18. Rab1 Qb6 19. Bf4 Bd7 20. a5 Qc7 21. b4 cxb4 22. Ne2 b5 23. Qxb4 Be5 24. Rec1 $36 {[%mdl 2048] White is on the roll.} Qb7 (24... Qd8 $16 {was worth a try.}) 25. Bxe5 $18 dxe5 26. Qd6 {Hoping for Rc7.} Rbc8 27. Rxc8 Bxc8 {[#]} (27... Rxc8 $142 28. Qxe5 Rc4) 28. Rc1 $1 Qd7 29. Qb6 Qd8 30. Rc7 Re7 31. Rxe7 Qxe7 32. Qb8 Qd8 33. Nc1 Ne8 34. Qxe5 Nd6 35. Nb3 f6 {[#]} 36. Qc3 $1 Qe7 37. Nd4 Bd7 (37... Bb7 $142 38. Nc6 Qg7) 38. Qc5 Kf7 39. Qa7 Nc4 $2 (39... Bc8 40. Qb8 Bd7) 40. Qxa6 Qc5 41. Ne6 Qb4 42. Qb7 {Played: Qa6-a7} 1-0

[Event "RUS-ch Men Rapid 2019"]
[Site "Sochi"]
[Date "2019.10.15"]
[Round "3.10"]
[White "Khismatullin, Denis"]
[Black "Derjabin, Ilja"]
[Result "1-0"]
[WhiteElo "2550"]
[BlackElo "2333"]
[Annotator "TA"]
[PlyCount "59"]
[EventDate "2019.10.15"]
[EventType "swiss"]
[EventCountry "RUS"]
[SourceTitle "playchess.com"]
[Source "ChessBase"]
[SourceQuality "1"]

{[%evp 13,59,71,78,72,74,74,81,75,76,73,79,77,94,64,104,115,109,87,191,128,271,115,333,350,340,330,349,350,358,361,357,342,356,378,473,447,779,786,998,579,945,654,691,687,29984,29985,29983,29982]} 1. d4 Nf6 2. c4 c5 3. d5 e5 4. Nc3 d6 5. e4 Be7 6. Nf3 Nbd7 7. Bd3 Nf8 8. h4 {A56: Czech Benoni} (8. h3 Ng6 9. g3 h6 10. Be3 Bd7 11. Bc2 O-O 12. Qd2 a6 13. a4 Rb8 14. a5 b5 15. axb6 Rxb6 16. Ra2 Qc7 {0-1 (34) Brynell,S (2409)-Hansen,S (2583) Malmo 2018}) 8... Bg4 9. Be2 Ng6 10. g3 {White is better.} Qd7 11. Nh2 {[%cal Rh2g4]} Bxe2 12. Qxe2 Bd8 $146 ({Predecessor:} 12... h5 13. Nf1 Bd8 14. Bg5 Ng4 15. f3 Nh6 16. Ne3 Ba5 17. Qc2 Ne7 18. Bxe7 Kxe7 19. Ke2 {½-½ (19) Van Buskirk,C (2265)-Saulespurens,V (2330) Irvine 1998}) 13. Bd2 a6 14. h5 Ne7 15. f4 Ba5 (15... h6 $16 {keeps fighting.}) 16. O-O-O (16. fxe5 $18 dxe5 17. h6) 16... b5 (16... h6 $16) 17. Rdf1 (17. cxb5 Bxc3 18. Bxc3 Qxb5 $18) (17. fxe5 $18 {and White stays clearly on top.} dxe5 18. h6 (18. cxb5 axb5 19. h6 g6 $16)) 17... Bxc3 $2 {[#]} (17... h6 $16 {was called for.}) 18. Bxc3 $18 b4 19. fxe5 bxc3 20. exf6 gxf6 21. Ng4 ({Less strong is} 21. bxc3 Rg8 $16) (21. Rxf6 cxb2+ 22. Qxb2 Qa4 $18) 21... cxb2+ 22. Kb1 ({But not} 22. Kxb2 Ng8 $18) 22... O-O-O 23. Nxf6 Qa4 24. Rf3 Kc7 (24... Kb8 $142 25. e5 Ka8) 25. e5 Nc8 26. Rhf1 dxe5 {and the idea ...Nd6 leaves Black hopeful.} 27. Qxe5+ Nd6 28. Ne4 Qxc4 29. Nxd6 Rxd6 30. Rxf7+ {Accuracy: White = 67%, Black = 20%.} 1-0

[Event "RUS-ch Men Rapid 2019"]
[Site "Sochi"]
[Date "2019.10.15"]
[Round "3.11"]
[White "Samusenko, Maksim"]
[Black "Papin, Vasily"]
[Result "1-0"]
[WhiteElo "2445"]
[BlackElo "2541"]
[Annotator "TA"]
[PlyCount "55"]
[EventDate "2019.10.15"]
[EventType "swiss"]
[EventCountry "RUS"]
[SourceTitle "playchess.com"]
[Source "ChessBase"]
[SourceQuality "1"]

{[%evp 9,55,51,51,41,42,-14,20,25,28,21,81,89,340,329,332,338,362,367,374,369,379,393,579,586,537,541,574,583,629,605,686,434,626,622,619,610,624,570,566,434,446,430,641,622,587,565,1127,1093]} 1. e4 c5 2. Nf3 e6 3. g3 Nc6 4. Bg2 g5 $146 (4... Nf6 5. Qe2 Be7 6. e5 Nd5 7. O-O d6 8. exd6 Qxd6 9. Rd1 Nc7 10. d4 cxd4 11. Bf4 Qd8 12. Ne5 Nd5 13. Nxc6 bxc6 {1-0 (66) Vachier Lagrave,M (2774)-Yu,Y (2763) Khanty-Mansiysk 2019}) 5. h3 Bg7 6. c3 {B40: Sicilian: 2...e6, Unusual lines} h6 7. Na3 (7. d4 $14) 7... Nge7 8. d4 {The position is equal.} cxd4 9. cxd4 Qb6 (9... O-O $11 {keeps the balance.}) 10. Nc4 $16 Qb4+ $2 {[%mdl 8192] [#]} (10... Qc7 $16) 11. Bd2 $1 $18 {[%cal Rd2b4]} Qxc4 12. Bf1 Qxd4 13. Nxd4 Bxd4 14. Bc3 e5 15. h4 Rg8 (15... gxh4 $142 16. Rxh4 d6) 16. hxg5 {White is clearly winning.} hxg5 17. Bc4 d6 18. Qb3 Rf8 19. Rh7 f5 20. Rf7 Rh8 (20... Rxf7 $142 21. Bxf7+ Kd8) 21. O-O-O fxe4 22. Bd2 Nd8 23. Rf6 Bg4 24. Re1 Rc8 {[#] White must now prevent ...d5.} 25. Kb1 e3 (25... a6 $142 26. Rxd6 b5) 26. fxe3 Bc5 27. Qa4+ Ndc6 28. Bf7+ {[%mdl 64] Discovered Attack. Accuracy: White = 75%, Black = 20%.} 1-0

[Event "RUS-ch Men Rapid 2019"]
[Site "Sochi"]
[Date "2019.10.15"]
[Round "3.12"]
[White "Ivlev, Aleksey"]
[Black "Drygalov, Andrey"]
[Result "1/2-1/2"]
[WhiteElo "2292"]
[BlackElo "2538"]
[Annotator "TA"]
[PlyCount "72"]
[EventDate "2019.10.15"]
[EventType "swiss"]
[EventCountry "RUS"]
[SourceTitle "playchess.com"]
[Source "ChessBase"]
[SourceQuality "1"]

{[%evp 19,72,-18,4,-38,-12,-15,-25,-25,4,-9,-1,-33,-7,-16,-2,-31,-31,-31,-31,-24,-21,-43,-51,-24,0,0,0,-22,0,-6,-7,-64,-68,-53,-5,-102,-60,-64,-60,-64,-60,-53,-53,-53,-53,-53,-38,-35,-20,-20,-1,-20,-20,-20,0]} 1. d4 Nf6 2. c4 e6 3. Nf3 d5 4. g3 Bb4+ 5. Nbd2 O-O 6. Bg2 b6 7. O-O Bb7 8. cxd5 exd5 9. Ne5 Bd6 10. Ndf3 c5 11. Bg5 $146 {E16: Queen's Indian: 4 g3 Bb7 5 Bg2 Bb4+} ({Predecessor:} 11. b3 Na6 12. Bb2 Rc8 13. Rc1 Re8 14. e3 Ne4 15. Nd2 Nf6 16. Ndf3 Rc7 17. Re1 Ne4 18. Nd2 cxd4 19. exd4 {0-1 (51) Korchmar,V (2419)-Rozum,I (2572) Voronezh 2019}) 11... h6 12. Bxf6 Qxf6 13. e3 {Black has an edge.} c4 14. Qc2 Rc8 15. Rad1 (15. e4 $5) 15... Nc6 16. Nxc6 Bxc6 17. Nd2 b5 18. e4 dxe4 19. Nxe4 Bxe4 20. Qxe4 Rab8 21. Rfe1 b4 22. Re3 c3 23. bxc3 Rxc3 24. Rde1 Rd8 25. Qg4 ({Better is} 25. Rf3 $11 Rxf3 26. Bxf3) 25... Bf8 $15 26. Re4 Rc2 27. R4e2 (27. Rf4 $1 $11 Qg6 28. Qf3) 27... Rxe2 (27... Rxd4 {is more complex.} 28. Be4 Rc3 29. h4 a5 30. Kg2 a4) 28. Qxe2 Qxd4 29. Bf3 Qc3 {[#] White must now prevent ...Rd2.} 30. Rd1 $1 {[%cal Rd1d8]} Rxd1+ 31. Qxd1 Bc5 32. Bd5 Bd4 33. Kg2 Qc5 34. Qf3 {The position is equal.} Qc7 35. h4 Bf6 36. Bb3 Be5 {Accuracy: White = 52%, Black = 38%.} 1/2-1/2

[Event "RUS-ch Men Rapid 2019"]
[Site "Sochi"]
[Date "2019.10.15"]
[Round "3.13"]
[White "Golubov, Saveliy"]
[Black "Savitskiy, Sergey"]
[Result "1-0"]
[WhiteElo "2518"]
[BlackElo "2407"]
[Annotator "TA"]
[PlyCount "83"]
[EventDate "2019.10.15"]
[EventType "swiss"]
[EventCountry "RUS"]
[SourceTitle "playchess.com"]
[Source "ChessBase"]
[SourceQuality "1"]

{[%evp 9,83,11,16,14,26,29,42,31,73,56,60,50,93,35,29,30,31,26,19,28,44,19,79,73,118,99,114,107,120,106,172,154,138,100,112,115,189,139,273,283,285,267,291,119,407,394,465,480,447,475,462,442,452,429,427,389,404,384,766,691,2147,747,767,766,768,761,756,742,745,740,741,729,739,727,708,657]} 1. d4 d5 2. Nf3 Nf6 3. c3 g6 4. Bg5 (4. Bf4 Bg7 5. e3 O-O 6. Be2 c5 7. O-O Nc6 8. Nbd2 Nd7 9. Qb3 c4 10. Qa3 b5 11. e4 Nb6 12. Qc5 dxe4 13. Nxe4 Qd5 14. Qxd5 Nxd5 15. Bg3 {1-0 (76) Artemiev,V (2691)-Ding,L (2777) Huaian 2017}) 4... Ne4 5. h4 $146 ({Predecessor:} 5. Bf4 Bg7 6. Nbd2 O-O 7. Nxe4 dxe4 8. Nd2 c5 9. e3 cxd4 10. cxd4 Qa5 11. Bc4 Nc6 12. a3 e5 13. b4 Qd8 14. dxe5 Nxe5 15. Bxe5 Bxe5 {0-1 (40) Degirmenci,Y (1923)-Annageldyev,O (2353) Cesme 2019}) 5... Nxg5 6. hxg5 {D02: 1 d4 d5 2 Nf3 sidelines, including 2...Nf6 3 g3 and 2...Nf6 3 Bf4} Bg7 7. Nbd2 c5 8. dxc5 {White is slightly better.} Nc6 9. e3 e5 10. e4 O-O 11. Bd3 ({Better is} 11. exd5 $16 Qxd5 12. Qa4) 11... d4 $14 12. Qc2 a5 13. a3 Qe7 14. cxd4 exd4 15. O-O Bg4 (15... Be6 $11 {keeps the balance.}) 16. Nh2 $36 {[%mdl 2048] White is in control.} Qxg5 {aiming for ...Bh3!} 17. f4 Qh4 18. Nxg4 Qxg4 19. Rf3 Rac8 {[#]} (19... Nd8 $16) 20. Nc4 $1 $18 Nd8 21. Nd6 ({Inferior is} 21. Nxa5 Ne6 $11) 21... Rc7 22. b4 Ne6 (22... axb4 $16 23. axb4 b6) 23. Qf2 Bh6 {[#]} (23... g5 $16) 24. Rf1 $1 axb4 25. axb4 b6 26. Nc4 (26. cxb6 $18 Rd7 27. e5) 26... Bxf4 $2 {[%mdl 8192]} ({Avoid the trap} 26... bxc5 $2 27. Ne5 $18) (26... Nxf4 $16 {is a better defense.} 27. Nxb6 Nxd3 28. Rxd3 Bg7) 27. cxb6 ({Worse is} 27. Rxf4 Nxf4 28. Qxf4 Qxf4 $14) 27... Rxc4 28. Bxc4 Ng5 29. Rxf4 Nh3+ 30. Kh2 Nxf2 31. Rxg4 Nxg4+ {[%mdl 4096] Endgame KRB-KRN} 32. Kg3 Ne5 33. Bd5 Re8 $2 (33... Rb8 34. b7 Kf8) 34. b7 {White is clearly winning.} Kf8 35. Ra1 (35. Rc1 $142 Nd7 36. Rc8) 35... Nd7 36. Bc6 Rb8 37. b5 Ke7 38. Ra8 Kd6 39. Bxd7 Rxb7 40. Bc6 Re7 41. Rd8+ Kc5 42. Kf4 {Accuracy: White = 71%, Black = 36%.} 1-0

[Event "RUS-ch Men Rapid 2019"]
[Site "Sochi"]
[Date "2019.10.15"]
[Round "3.14"]
[White "Kovalchuk, Alexey"]
[Black "Vastrukhin, Oleg"]
[Result "0-1"]
[WhiteElo "2388"]
[BlackElo "2512"]
[Annotator "TA"]
[PlyCount "114"]
[EventDate "2019.10.15"]
[EventType "swiss"]
[EventCountry "RUS"]
[SourceTitle "playchess.com"]
[Source "ChessBase"]
[SourceQuality "1"]

{[%evp 17,114,6,6,2,5,3,10,5,23,20,26,16,23,-7,-14,-6,-5,-5,0,0,0,0,8,0,0,-18,-13,-25,-24,-31,-35,-61,-37,-47,-50,-43,-18,-66,-6,-6,-4,-29,-35,-31,-14,-14,-14,-14,-14,-16,-14,-14,-14,-14,-4,-22,-22,-22,-22,-22,-14,-22,-22,-22,-8,-8,-8,-21,0,-22,0,-21,0,0,0,-45,0,0,0,-45,-45,-223,-223,-5525,0,0,0,-28,0,-29980,-29981,-29981,-29982,-29982,-29983,-29983,-29984,-29987,-29988]} 1. e4 e6 2. d4 d5 3. exd5 exd5 4. Nf3 Nc6 5. Bb5 Bd6 6. c4 dxc4 7. d5 a6 8. Ba4 b5 9. dxc6 bxa4 10. O-O {C01: French: Exchange Variation} Ne7 11. Nbd2 (11. Qxa4 O-O 12. Nbd2 Rb8 13. a3 c3 14. bxc3 Qe8 15. Nd4 Bb7 16. Re1 Bxc6 17. Qxa6 Ba8 18. Ne4 Be5 19. Qd3 Qd7 20. Ng5 {1-0 (32) Gelfand,B (2673)-Alekseev,E (2639) St Petersburg 2018}) 11... Be6 12. Qxa4 {The position is equal.} Bd5 13. Nxc4 Bxc6 14. Nxd6+ Qxd6 15. Qf4 Qxf4 16. Bxf4 Bxf3 $1 17. gxf3 Nd5 18. Rfe1+ Kd7 19. Rad1 $146 ({Predecessor:} 19. Be5) 19... c6 20. Be5 Rhe8 21. Kf1 (21. Re4 {looks sharper.} f5 22. Ree1 g5 23. Kf1 Re6 24. f4) 21... f6 $36 {[%mdl 2048] Black fights for an advantage.} 22. Bd4 Rxe1+ 23. Rxe1 $11 {[%mdl 4096] Endgame KRB-KRN} Rb8 24. Rd1 Kd6 25. Rc1 Rb5 26. b3 c5 27. Bc3 Rb7 (27... a5 $15) 28. Bd2 Nb4 29. Be3 Nxa2 30. Rxc5 Rb5 31. Rc4 Rxb3 32. Ra4 Nb4 33. Bd2 $1 {[%cal Rd2b4]} Nc6 34. Kg2 $1 {[#]} a5 $1 {[%mdl 512]} 35. Bxa5 Ne5 36. Ra3 {[%mdl 64] Decoy} Rxa3 37. Bb4+ Ke6 38. Bxa3 {KB-KN} h5 39. Bc1 Kf5 40. Be3 g5 41. Bd2 Ng6 42. Bc1 Nf4+ 43. Kf1 h4 44. Bd2 h3 45. Bc1 Ne6 46. Be3 Nf4 47. Bd2 Ne6 {White must now prevent ...Nd4.} 48. Be3 Ke5 {Hoping for ...Nd4.} 49. Ke1 $2 {[#]} (49. Ba7 $15) 49... Kd5 $1 $19 50. Kd2 $2 (50. Kf1) 50... Kc4 $2 (50... Nd4 $19 51. Bxd4 Kxd4) 51. Bb6 $11 f5 (51... Nd4 $5 52. Ke3 $8 Nf5+ 53. Ke4 Nd6+ 54. Ke3 Kd5 $11) 52. Ke3 Kd5 53. Ba5 $2 {[%mdl 8192]} (53. Ba7 $11) 53... f4+ {Black mates.} 54. Kd3 Nd4 55. Bd8 Nxf3 56. Ke2 Ke4 57. Bf6 g4 {Accuracy: White = 43%, Black = 45%.} 0-1